[Event "CRO-chT U18 Girls"]
[Site "Cakovec"]
[Date "2019.12.27"]
[Round "1.4"]
[White "Gasparovic, Ana"]
[Black "Dundovic, Mia"]
[Result "0-1"]
[WhiteElo "1642"]
[BlackElo "1790"]
[PlyCount "84"]
[EventDate "2019.12.27"]
[EventType "team-tourn"]
[EventRounds "5"]
[EventCountry "CRO"]
[SourceTitle "CBM 194 Extra"]
[Source "ChessBase"]
[SourceDate "2020.03.31"]
[SourceVersion "1"]
[SourceVersionDate "2020.03.31"]
[SourceQuality "1"]

1. d4 d5 2. c4 Nf6 3. Nf3 e6 4. Bg5 Be7 5. Bxf6 Bxf6 6. e3 0-0 7. Bd3 Re8 8. 0-0 c6 9. Nbd2 e5 10. Qc2 g6 11. Rfe1 e4 12. Nxe4 dxe4 13. Bxe4 Nd7 14. Bd3 c5 15. g3 b6 16. Be4 Rb8 17. Nd2 Bg5 18. Qa4 Qc7 19. Bg2 Nf6 20. Nf3 Bh6 21. a3 Bd7 22. Qc2 Bc6 23. d5 Bd7 24. Qd3 Bf5 25. e4 Bxe4 26. Qc3 Bg7 27. Rad1 Nxd5 28. Qb3 Nf6 29. Bh3 Qb7 30. Kg2 Rbd8 31. Re3 Bh6 32. Rc3 Bd2 33. Rc2 Bxc2 34. Qxc2 Re2 35. g4 Ne4 36. Kf1 Rxf2+ 37. Kg1 Rxf3 38. Bg2 Be3+ 39. Kh1 Rxd1+ 40. Qxd1 Nf2+ 41. Kg1 Nxd1+ 42. Kh1 Rf1# 0-1